000 01174cam a22003134a 4500
001 13371969
003 OSt
005 20170421125128.0
008 031014s2005 maua b 001 0 eng
010 _a 2003066595
020 _a0072846976
040 _aDLC
_cDLC
_dDLC
042 _apcc
050 0 0 _aHD31
_b.G58 2005
082 0 0 _a658
_222
100 1 _aGomez-Mejia, Luis R.
245 1 0 _aManagement :
_bpeople, performance, change /
_cLuis R. Gomez-Mejia, David B. Balkin, Robert L. Cardy.
250 _a2nd ed.
260 _aBoston :
_bMcGraw-Hill/Irwin,
_c2005.
300 _axl, 836 p. :
_bill. (some col.) ;
_c27 cm.
504 _aIncludes bibliographical references and indexes.
538 _aSystem requirements for accompanying computer disc: Pentium based processor; Microsoft Windows 98/2000/XP; Microsoft Internet Explorer 6.0 as default Browser; Microsoft Ofice or equivalent.
650 0 _aManagement.
700 1 _aBalkin, David B.,
_d1948-
700 1 _aCardy, Robert L.,
_d1955-
906 _a7
_bcbc
_corignew
_d1
_eocip
_f20
_gy-gencatlg
942 _2lcc
_cBK
999 _c50094
_d50094